Southville International School and Colleges
Your cart is empty.
  • Cart
  • Lists
    Public lists list_1 View all
    Your lists Log in to create your own lists
  • Log in to your account
  • Your cookies
  • Search history
Southville International School and Colleges
  • Advanced search
  • Recent comments
  • Most popular
  • Libraries

Log in to your account

Log in with GOOGLE


If you do not have an external account, but do have a local account, you can still log in:

  1. Home
  2. MARC view: The Smallest Stegosaurus /
Normal view MARC view ISBD view

The Smallest Stegosaurus / (Record no. 104713)

[ view plain ]
MARC details
000 -LEADER
fixed length control field 00523nam a2200157 a 4500
005 - DATE AND TIME OF LATEST TRANSACTION
control field 20140412111327.0
008 - FIXED-LENGTH DATA ELEMENTS--GENERAL INFORMATION
fixed length control field 110128s19uu xx 00 eng d
020 ## - INTERNATIONAL STANDARD BOOK NUMBER
International Standard Book Number 0-670-83865-9
050 ## - LIBRARY OF CONGRESS CALL NUMBER
Classification number TR(PS E
Item number Sm1 1993
100 ## - MAIN ENTRY--PERSONAL NAME
Personal name Sweat, Lynn
245 ## - TITLE STATEMENT
Title The Smallest Stegosaurus /
Statement of responsibility, etc Lynn Sweat.
260 ## - PUBLICATION, DISTRIBUTION, ETC. (IMPRINT)
Place of publication, distribution, etc U.S.A :
Name of publisher, distributor, etc Penguin,
Date of publication, distribution, etc 199332p.
520 ## - SUMMARY, ETC.
Summary, etc Although he is small , a baby stegosaurus wants to find a way to help his family like the other big strong dinosaurs.
650 ## - SUBJECT ADDED ENTRY--TOPICAL TERM
Topical term or geographic name as entry element Dinosaurs - fiction
Holdings
Withdrawn status Lost status Damaged status Home library Current library Shelving location Date acquired Source of acquisition Total Checkouts Full call number Barcode Date last seen Price effective from Koha item type
      Elizalde Library Elizalde Library Teachers Reference Section 01/28/2011     TR(PS E Sm1 1993 E8518 04/12/2014 04/12/2014 Books

The Smallest Stegosaurus /

APA

Sweat L., . (199332). The Smallest Stegosaurus. U.S.A: Penguin.

Chicago

Sweat Lynn, . 199332. The Smallest Stegosaurus. U.S.A: Penguin.

Harvard

Sweat L., . (199332). The Smallest Stegosaurus. U.S.A: Penguin.

MLA

Sweat Lynn, . The Smallest Stegosaurus. U.S.A: Penguin. 199332.

  • Place hold
  • Print
  • Cite
  • Add to your cart (remove)
  • Save record
    BIBTEX Dublin Core MARCXML MARC (non-Unicode/MARC-8) MARC (Unicode/UTF-8) MARC (Unicode/UTF-8, Standard) MODS (XML) RIS
  • More searches
    Search for this title in:
    Other Libraries (WorldCat) Other Databases (Google Scholar) Online Stores (Bookfinder.com) Open Library (openlibrary.org)

Exporting to Dublin Core...

SOUTHVILLE LIBRARY

Southville International School and Colleges Library

1281 Tropical Ave. Cor. Luxembourg St., BF Homes International, Las Pinas City

Tel. No. 8256374 / 252358 Loc. 117/146

Powered by Koha